Barockskulptur (Record no. 8005)

MARC details
000 -CABECERA
campo de control de longitud fija 01013nam a2200265 a 4500
001 - NÚMERO DE CONTROL
campo de control BRCA_8337
005 - FECHA Y HORA DE LA ÚLTIMA TRANSACCIÓN
campo de control 20190320210234.0
008 - DATOS DE LONGITUD FIJA--INFORMACIÓN GENERAL
campo de control de longitud fija 020714s1919----gw-a###f##---#001-0#ger-#
041 ## - CÓDIGO DE LENGUA
Código de lengua del texto/banda sonora o título independiente ger
044 ## - CÓDIGO DEL PAÍS DE LA ENTIDAD EDITORA/PRODUCTORA
Código MARC del país gw
050 #4 - SIGNATURA TOPOGRÁFICA DE LA BIBLIOTECA DEL CONGRESO
Número de clasificación NB193
Número de documento/Ítem .B75 1919
100 1# - ENTRADA PRINCIPAL--NOMBRE DE PERSONA
Nombre de persona Brinckmann, Albert Erich
Fechas asociadas al nombre 1881-1958
9 (RLIN) 20863
245 10 - MENCIÓN DE TÍTULO
Título Barockskulptur
Resto del título entwicklungsgeschichte der Skulptur in den Romanischen und germanischen Ländern seit Michelangelo bis zum 18. Jahrhundert
Mención de responsabilidad, etc. von A. E. Brinckman ; begründet von Fritz Burger.
260 ## - PUBLICACIÓN, DISTRIBUCIÓN, ETC.
Lugar de publicación, distribución, etc. Alemania
Nombre del editor, distribuidor, etc. Akademische Verlagsgesellschaft Athenaion
Fecha de publicación, distribución, etc. 1919
300 ## - DESCRIPCIÓN FÍSICA
Extensión 2 v.
Otras características físicas il. (algunas a color), 10 láminas
Dimensiones 29 cm.
440 #0 - MENCIÓN DE SERIE/PUNTO DE ACCESO ADICIONAL--TÍTULO
Título Handbuch der Kunstwissenschaft
9 (RLIN) 20864
500 ## - NOTA GENERAL
Nota general Incluye índice onomástico y de ilustraciones
500 ## - NOTA GENERAL
Nota general R51
505 0# - NOTA DE CONTENIDO CON FORMATO
Nota de contenido con formato v.1 Erster teil.-- v.2 Zweiter teil
650 14 - PUNTO DE ACCESO ADICIONAL DE MATERIA--TÉRMINO DE MATERIA
Término de materia o nombre geográfico como elemento de entrada Escultura barroca
Subdivisión general Historia
9 (RLIN) 20865
650 14 - PUNTO DE ACCESO ADICIONAL DE MATERIA--TÉRMINO DE MATERIA
Término de materia o nombre geográfico como elemento de entrada Escultura barroca
Subdivisión cronológica siglos XVI-XVIII
9 (RLIN) 20866
700 1# - PUNTO DE ACCESO ADICIONAL--NOMBRE DE PERSONA
Nombre de persona Burger, Fritz
9 (RLIN) 20867
902 ## - CATALOGADOR
Iniciales GFM
942 ## - ELEMENTOS DE PUNTO DE ACCESO ADICIONAL (KOHA)
Fuente del sistema de clasificación o colocación Library of Congress Classification
Tipo de ítem Koha Libros
Holdings
Estado de retiro Estado de pérdida Estado dañado No para préstamo Localización permanente Ubicación/localización actual Fecha de adquisición Número de inventario Total de préstamos Signatura topográfica completa Código de barras Fecha visto por última vez Precio válido a partir de Tipo de ítem Koha
El ejemplar forma parte de la colección y puede ser consultado según las políticas vigentes.       Biblioteca del Museo Franz Mayer (Rogerio Casas-Alatriste) Biblioteca del Museo Franz Mayer (Rogerio Casas-Alatriste) 02/07/2014 R51   NB193 .B75 1919 (R51) 8961 22/03/2019 22/03/2019 Libros